कार्यानुभव की शिक्षा / (Record no. 32162)
[ view plain ]
| 000 -LEADER | |
|---|---|
| fixed length control field | 01363nam a22002657a 4500 |
| 005 - DATE AND TIME OF LATEST TRANSACTION | |
| control field | 20090918113835.0 |
| 008 - FIXED-LENGTH DATA ELEMENTS--GENERAL INFORMATION | |
| fixed length control field | 090918t xxu||||| |||| 00| 0 hin d |
| 010 ## - LCCN (DPL NO) | |
| LC control number | HIN-88743 |
| 020 ## - INTERNATIONAL STANDARD BOOK NUMBER | |
| International Standard Book Number | 8128812998 |
| Terms of availability | 60.00 |
| 035 ## - SYSTEM CONTROL NUMBER | |
| System control number | HN-61089 |
| 037 ## - SOURCE OF ACQUISITION | |
| Source of stock number/acquisition | DBAD / PUB |
| 040 ## - CATALOGING SOURCE | |
| Original cataloging agency | DPL |
| Language of cataloging | HN |
| 082 ## - DEWEY DECIMAL CLASSIFICATION NUMBER | |
| Classification number | 370.113 |
| 100 ## - MAIN ENTRY--PERSONAL NAME | |
| Personal name | रूहेला, सत्यपाल |
| 245 ## - TITLE STATEMENT | |
| Title | कार्यानुभव की शिक्षा / |
| Statement of responsibility, etc | सत्यपाल रूहेला एवं देवेन्द्र |
| 246 ## - VARYING FORM OF TITLE | |
| Title proper/short title | Karanvhaw li sikha |
| Remainder of title | by Satyapal Ruhela |
| 260 ## - PUBLICATION, DISTRIBUTION, ETC. (IMPRINT) | |
| Place of publication, distribution, etc | नई दिल्ली |
| Name of publisher, distributor, etc | डायमंड पॉकेट बुक्स |
| Date of publication, distribution, etc | 2006 |
| 270 ## - ADDRESS | |
| Address | X-30, ओखला इंडस्ट्रियल एरिया, फेजृ-11 |
| City | नई दिल्ली |
| Postal code | 110020 |
| Telephone number | 011 41611861 |
| Fax number | 011 41611866 |
| Electronic mail address | sales@diamondpublication.com |
| 300 ## - PHYSICAL DESCRIPTION | |
| Extent | 168पृ. |
| Dimensions | 22सेमी (अजिल्द) |
| 650 ## - SUBJECT ADDED ENTRY--TOPICAL TERM | |
| Topical term or geographic name as entry element | कार्यानुभव की शिक्षा |
| 650 ## - SUBJECT ADDED ENTRY--TOPICAL TERM | |
| Topical term or geographic name as entry element | Work Experience Education |
| 700 ## - ADDED ENTRY--PERSONAL NAME | |
| Personal name | देवेन्द्र |
| 942 ## - ADDED ENTRY ELEMENTS (KOHA) | |
| Source of classification or shelving scheme | Dewey Decimal Classification |
| Item type | Hindi Books |
| Call number suffix | रूहेला |
| Classification part | 370.113 |
| Withdrawn status | Lost status | Source of classification or shelving scheme | Damaged status | Not for loan | Collection code | Home library | Current library | Date acquired | Source of acquisition | Cost, normal purchase price | Total Checkouts | Full call number | Barcode | Date last seen | Copy number | Cost, replacement price | Koha item type |
|---|---|---|---|---|---|---|---|---|---|---|---|---|---|---|---|---|---|
| Dewey Decimal Classification | Not For Loan | Non-fiction | D.B.Act.Division | D.B.Act.Division | 05/12/2009 | DBAD / PUB | 60.00 | 370.113 रूहेला | HN-61089 | 05/12/2009 | 1 | 60.00 | Hindi Books |
